000 00921nam a2200265Ia 4500
003 OSt
005 20221005110658.0
006 a|||||r|||| 00| 0
007 ta
008 221004b |||||||| |||| 00| 0 hin d
020 _a97881267153403 (hbk)
_c250
024 _a24697
037 _b7328, 07/01/2016, Rajkamal Prakashan Pvt. Ltd.
_cTextual
040 _aCRL
_cCRL
_bhin
041 _2hin
_ahin
082 _aO152,3NNA,UK, P8
100 _aनावरिया, अजय
245 0 _aउधर के लोग
246 _aUdhar ke loga
260 _aनई दिल्ली
_bराजकमल प्रकाशन भारत
_c2013
300 _a187पृ0
_ccm.
650 _aहिन्दी साहित्य
942 _hO152,3NNA,UK, P8
_cTEXL
_2cc
999 _c1019568
_d1019568